[Event "ODJM A 2015"]
[Site "Willingen GER"]
[Date "2015.05.24"]
[Round "1"]
[White "Balazs, Balint"]
[Black "Sauer, Annika"]
[Result "1-0"]
[Termination "normal"]
[Board "27"]
[WhiteElo "2034"]
[BlackElo "1646"]
[PlyCount "81"]
[WhiteFideId "12922757"]
[BlackFideId "12952052"]
[EventCountry "GER"]
[EventRounds "9"]
[EventType "swiss"]
[EventDate "2015.05.23"]

1. e4 d5 2. exd5 Qxd5 3. Nc3 Qa5 4. d4 c6 5. Nf3 Bg4 6. Bd2 Qc7 7. Bc4 e6 8.
Qe2 Nf6 9. O-O-O Nbd7 10. d5 cxd5 11. Bxd5 Rc8 12. Bg5 Be7 13. Bb3 a6 14. h3
Bxf3 15. Qxf3 O-O 16. g4 Nc5 17. Kb1 Nxb3 18. cxb3 b5 19. Rc1 Qb8 20. Rhd1 Rfd8
21. Bf4 Bd6 22. Bxd6 Rxd6 23. g5 Ne8 24. Ne4 Rxd1 25. Qxd1 Rxc1+ 26. Qxc1 Qc7
27. Qd2 Qc6 28. f3 Qd5 29. Qc2 Qb7 30. a3 h6 31. gxh6 gxh6 32. Qd2 Kh7 33. Qd8
Qc6 34. Qxe8 Qxe8 35. Nf6+ Kg6 36. Nxe8 Kf5 37. Nd6+ Kf4 38. Nxf7 h5 39. Kc2 e5
40. Kd3 h4 41. Ke2 1-0

[Event "ODJM A 2015"]
[Site "Willingen GER"]
[Date "2015.05.24"]
[Round "1"]
[White "Sinnhöfer, Jonas"]
[Black "Schnabel, Bennett"]
[Result "0-1"]
[Termination "normal"]
[Board "28"]
[WhiteElo "1671"]
[BlackElo "1864"]
[PlyCount "126"]
[WhiteFideId "12982938"]
[BlackFideId "12943290"]
[EventCountry "GER"]
[EventRounds "9"]
[EventType "swiss"]
[EventDate "2015.05.23"]

1. e4 c5 2. Nf3 Nc6 3. d4 cxd4 4. Nxd4 g6 5. c4 Bg7 6. Be3 Nf6 7. Nc3 Ng4 8.
Qxg4 Nxd4 9. Qd1 Nc6 10. Be2 O-O 11. O-O d6 12. Qc2 Be6 13. Rac1 Nd4 14. Qd2
Nxe2+ 15. Nxe2 Rc8 16. b3 b6 17. Nd4 Bd7 18. Bh6 Bxh6 19. Qxh6 Rc5 20. Nf3 Rh5
21. Qe3 Qc7 22. Rfd1 Bg4 23. h3 Bxf3 24. Qxf3 f5 25. Rf1 Qc6 26. Rce1 Rh4 27.
exf5 Qxf3 28. gxf3 Rxf5 29. Kg2 Kf7 30. Re4 Rhf4 31. Re3 Rg5+ 32. Kh2 Rd4 33.
Rfe1 e5 34. Rg1 Rxg1 35. Kxg1 Ke6 36. Kg2 Kd7 37. Kg3 Kc6 38. a3 a5 39. Rc3 Kc5
40. a4 g5 41. Re3 h6 42. Rc3 Rd2 43. Re3 h5 44. h4 gxh4+ 45. Kxh4 Rxf2 46. Kxh5
Kd4 47. Re4+ Kd3 48. Kg4 Rb2 49. Kf5 Rxb3 50. Ke6 Rb4 51. Kxd6 Rxa4 52. Kxe5
Rxc4 53. Re1 b5 54. f4 a4 55. f5 a3 56. f6 Rc7 57. Rf1 b4 58. Rb1 a2 59. Rh1 b3
60. Kd6 Rf7 61. Ke6 Rxf6+ 62. Kxf6 b2 63. Rh3+ Ke4 0-1

[Event "ODJM A 2015"]
[Site "Willingen GER"]
[Date "2015.05.24"]
[Round "1"]
[White "Erofeev, Anastasia"]
[Black "Reck, Jessica"]
[Result "1-0"]
[Termination "normal"]
[Board "29"]
[WhiteElo "1897"]
[BlackElo "1620"]
[PlyCount "67"]
[WhiteFideId "12917915"]
[BlackFideId "12917931"]
[EventCountry "GER"]
[EventRounds "9"]
[EventType "swiss"]
[EventDate "2015.05.23"]

1. e4 g6 2. d4 c6 3. Nf3 d5 4. exd5 cxd5 5. c3 Bg7 6. Bf4 Nf6 7. Bxb8 Rxb8 8.
Qa4+ Bd7 9. Qxa7 O-O 10. Qa3 Qc7 11. Bd3 Bf5 12. Be2 Rfe8 13. O-O Ne4 14. Bb5
Red8 15. Re1 Nd6 16. Qb3 Be4 17. Nbd2 e6 18. Re2 Ra8 19. Ne1 g5 20. Bd3 Bg6 21.
Bxg6 hxg6 22. Nd3 Bh6 23. Ne5 Kg7 24. Qc2 Rh8 25. Nf1 Qe7 26. Ne3 f5 27. Nxd5
Qd8 28. Ne3 g4 29. g3 Bxe3 30. fxe3 Ne4 31. Nxg4 Nxg3 32. hxg3 fxg4 33. Qe4 Qg5
34. Qxb7+ 1-0

[Event "ODJM A 2015"]
[Site "Willingen GER"]
[Date "2015.05.24"]
[Round "1"]
[White "Pysarenko, Kyrill"]
[Black "Stemmler, Fabian"]
[Result "0-1"]
[Termination "normal"]
[Board "30"]
[WhiteElo "1482"]
[BlackElo "1940"]
[PlyCount "114"]
[WhiteFideId "12974250"]
[BlackFideId "12964808"]
[EventCountry "GER"]
[EventRounds "9"]
[EventType "swiss"]
[EventDate "2015.05.23"]

1. e4 e6 2. d4 d5 3. Nd2 Nf6 4. e5 Nfd7 5. Bd3 c5 6. c3 Nc6 7. Ne2 cxd4 8. cxd4
f6 9. exf6 Nxf6 10. Nf3 Bd6 11. O-O Qc7 12. Re1 O-O 13. Bd2 e5 14. Qb3 Bd7 15.
Nc3 Na5 16. Nxd5 Nxb3 17. Nxc7 Nxd2 18. Nxa8 Nxf3+ 19. gxf3 exd4 20. Bc4+ Kh8
21. Rad1 Rxa8 22. Rxd4 Bc5 23. Rd3 g6 24. Red1 Bc6 25. a3 a6 26. b4 Bf8 27. Bb3
Kg7 28. h3 a5 29. Bc4 axb4 30. axb4 Bxb4 31. Rb3 Bf8 32. Bb5 Rc8 33. Rc1 Bd7
34. Rd1 Bxh3 35. Bf1 Bxf1 36. Rxb7+ Kh6 37. Kxf1 Kg5 38. Kg2 Rc5 39. Re1 Bd6
40. Re6 Bf4 41. Rb4 Rf5 42. Re1 Bd2 43. f4+ Rxf4 44. Rb5+ Rf5 45. Rxf5+ Kxf5
46. Re2 Bf4 47. f3 h5 48. Re1 Kg5 49. Kh3 Nh7 50. Kg2 Kf5 51. Re8 Kg5 52. Re1
h4 53. Kh3 Kh5 54. Rh1 Ng5+ 55. Kg2 h3+ 56. Rxh3+ Nxh3 57. Kxh3 Kg5 0-1

[Event "ODJM A 2015"]
[Site "Willingen GER"]
[Date "2015.05.24"]
[Round "1"]
[White "Terhuven, Patrick"]
[Black "Wissing, Philipp"]
[Result "1-0"]
[Termination "normal"]
[Board "31"]
[WhiteElo "2028"]
[BlackElo "1558"]
[PlyCount "39"]
[WhiteFideId "12919098"]
[BlackFideId "12993654"]
[EventCountry "GER"]
[EventRounds "9"]
[EventType "swiss"]
[EventDate "2015.05.23"]

1. Nf3 c5 2. c4 Nf6 3. Nc3 Nc6 4. g3 g6 5. Bg2 Bg7 6. O-O O-O 7. d4 cxd4 8.
Nxd4 e5 9. Ndb5 a6 10. Nd6 Ne8 11. Be3 Nxd6 12. Qxd6 f5 13. Nd5 Rf7 14. Nb6 Rf6
15. Qd5+ Kh8 16. Nxa8 d6 17. Qd2 Be6 18. Bg5 Qxa8 19. Bxf6 Bxf6 20. Qxd6 1-0

[Event "ODJM A 2015"]
[Site "Willingen GER"]
[Date "2015.05.24"]
[Round "1"]
[White "Schulz, Theresa Charlotte"]
[Black "Scheinhütte, Jakob"]
[Result "0-1"]
[Termination "normal"]
[Board "32"]
[WhiteElo "1611"]
[BlackElo "1789"]
[PlyCount "60"]
[WhiteFideId "12952206"]
[BlackFideId "24693944"]
[EventCountry "GER"]
[EventRounds "9"]
[EventType "swiss"]
[EventDate "2015.05.23"]

1. d4 Nf6 2. e3 g6 3. Bd3 Bg7 4. f4 O-O 5. Nf3 d6 6. O-O Nc6 7. c3 Re8 8. e4 e5
9. d5 Nb8 10. fxe5 dxe5 11. Bd2 c6 12. c4 Nbd7 13. b4 cxd5 14. cxd5 Nxe4 15.
Bxe4 f5 16. Bxf5 gxf5 17. Bc3 Nf6 18. Bxe5 Rxe5 19. Nxe5 Ne4 20. Nd2 Bxe5 21.
Rc1 Qb6+ 22. Kh1 Qh6 23. Nf3 Ng3+ 24. Kg1 Qe3+ 25. Rf2 Ne4 26. Qe1 Bf4 27. Rd1
Bd7 28. g3 Qxf2+ 29. Qxf2 Nxf2 30. Kxf2 Bd6 0-1

[Event "ODJM A 2015"]
[Site "Willingen GER"]
[Date "2015.05.24"]
[Round "1"]
[White "Wachinger, David"]
[Black "Kornitzky, Tino"]
[Result "1/2-1/2"]
[Termination "normal"]
[Board "33"]
[WhiteElo "1901"]
[BlackElo "1622"]
[PlyCount "74"]
[WhiteFideId "24692689"]
[BlackFideId "12970379"]
[EventCountry "GER"]
[EventRounds "9"]
[EventType "swiss"]
[EventDate "2015.05.23"]

1. d4 d5 2. c4 e6 3. Nc3 Nf6 4. cxd5 exd5 5. Bg5 Nbd7 6. e3 c6 7. Bd3 Be7 8.
Nge2 Nh5 9. Bxe7 Qxe7 10. Qc2 g6 11. Ng3 Ng7 12. O-O O-O 13. Rae1 f5 14. f3 Qf6
15. Nge2 Ne6 16. Qd2 Nb6 17. b3 Rd8 18. Bb1 a6 19. Rd1 c5 20. dxc5 Nxc5 21. Nd4
Ne6 22. Nce2 Bd7 23. Nxe6 Bxe6 24. Qd4 Qxd4 25. Rxd4 Rac8 26. Rfd1 Bf7 27. Kf2
Kg7 28. Nf4 Re8 29. R4d3 Rc5 30. a3 Rec8 31. Ne2 Nd7 32. Ba2 Rc2 33. R3d2 Ne5
34. Nd4 Nd3+ 35. Kg3 Rxd2 36. Rxd2 Nc1 37. Kf2 Rc3 1/2-1/2

[Event "ODJM A 2015"]
[Site "Willingen GER"]
[Date "2015.05.24"]
[Round "1"]
[White "Baumann, Eva"]
[Black "Hesse, Henrik"]
[Result "0-1"]
[Termination "normal"]
[Board "34"]
[WhiteElo "1539"]
[BlackElo "1816"]
[PlyCount "112"]
[WhiteFideId "12998788"]
[BlackFideId "12952060"]
[EventCountry "GER"]
[EventRounds "9"]
[EventType "swiss"]
[EventDate "2015.05.23"]

1. e4 e5 2. Nf3 Nf6 3. Nxe5 d6 4. Nf3 Nxe4 5. Nc3 Nxc3 6. dxc3 Be7 7. Be3 Nc6
8. Qd2 Be6 9. Bd3 Qd7 10. O-O-O O-O-O 11. Kb1 Ne5 12. Nd4 Nc4 13. Bxc4 Bxc4 14.
Nf3 Be6 15. Rhg1 Bf6 16. Bd4 Qa4 17. b3 Qa5 18. Bxf6 gxf6 19. Nd4 Rhg8 20. Nxe6
fxe6 21. c4 Qxd2 22. Rxd2 Rg5 23. Kc1 Rdg8 24. g3 Rh5 25. f4 Rf5 26. Rgg2 e5
27. fxe5 dxe5 28. Rdf2 Rxf2 29. Rxf2 Rf8 30. Kd2 Kd7 31. Ke3 Ke6 32. b4 Rd8 33.
c3 f5 34. h3 Rg8 35. Rg2 f4+ 36. Kf3 Rxg3+ 37. Rxg3 fxg3 38. Kxg3 b6 39. Kf3
Kf5 40. Ke3 c5 41. a3 e4 42. a4 h5 43. a5 h4 44. axb6 axb6 45. bxc5 bxc5 46.
Ke2 Kf4 47. Kf2 e3+ 48. Ke2 Ke4 49. Ke1 Kd3 50. Kd1 Kxc3 51. Ke2 Kd4 52. Kf3
Kd3 53. Kg4 e2 54. Kxh4 e1=Q+ 55. Kh5 Qg3 56. h4 Kxc4 0-1

[Event "ODJM A 2015"]
[Site "Willingen GER"]
[Date "2015.05.24"]
[Round "1"]
[White "Torzinski, Nils"]
[Black "Leonard, Timo"]
[Result "1/2-1/2"]
[Termination "normal"]
[Board "35"]
[WhiteElo "1859"]
[BlackElo "1528"]
[PlyCount "61"]
[WhiteFideId "24695840"]
[BlackFideId "16208757"]
[EventCountry "GER"]
[EventRounds "9"]
[EventType "swiss"]
[EventDate "2015.05.23"]

1. e4 e6 2. b3 d5 3. Bb2 dxe4 4. Nc3 Nf6 5. Qe2 Nbd7 6. Nxe4 Nxe4 7. Qxe4 Nf6
8. Qe2 Bd7 9. Nf3 Bd6 10. h3 O-O 11. O-O-O Qe7 12. Ne5 Ba3 13. g4 Bxb2+ 14.
Kxb2 Nd5 15. Nxd7 Qxd7 16. Qe5 Rfd8 17. Bg2 c6 18. h4 Qd6 19. Qxd6 Rxd6 20.
Bxd5 Rxd5 21. f4 Rad8 22. d3 Rd4 23. Rhf1 e5 24. fxe5 Rxg4 25. Rh1 Rdd4 26. h5
Rh4 27. Kc3 Kf8 28. Kd2 Ke7 29. Ke3 Ke6 30. c3 Rdg4 31. d4 1/2-1/2

[Event "ODJM A 2015"]
[Site "Willingen GER"]
[Date "2015.05.24"]
[Round "1"]
[White "Tham, Minh"]
[Black "Faulhaber, Tobias"]
[Result "0-1"]
[Termination "normal"]
[Board "36"]
[WhiteElo "1600"]
[BlackElo "1917"]
[PlyCount "86"]
[WhiteFideId "12997323"]
[BlackFideId "1271914"]
[EventCountry "GER"]
[EventRounds "9"]
[EventType "swiss"]
[EventDate "2015.05.23"]

1. e4 e6 2. d4 d5 3. Nc3 h6 4. Be3 Bb4 5. e5 c5 6. a3 Bxc3+ 7. bxc3 Ne7 8. f4
Nbc6 9. Ne2 Bd7 10. a4 Qa5 11. Qd2 Nf5 12. g4 Nxe3 13. Qxe3 cxd4 14. Nxd4 Nxd4
15. Qxd4 Rc8 16. Kd2 h5 17. g5 g6 18. h4 O-O 19. Qb4 Qc5 20. Qxc5 Rxc5 21. Bd3
Rfc8 22. Ra3 R8c7 23. Rb1 Ra5 24. Rb4 b6 25. Kc1 Kf8 26. Kd2 Ke7 27. Ke3 Kd8
28. Kd4 Be8 29. Be2 Bc6 30. Bf1 Rb7 31. Be2 b5 32. Bf1 Rxa4 33. Rbxa4 bxa4 34.
Kc5 Kc7 35. Ra1 Rb6 36. Be2 a6 37. Bf1 Bb5 38. Bxb5 axb5 39. Kb4 Kc6 40. Ra2
Rb7 41. Ra1 Kb6 42. Ra2 Rc7 43. Ra3 Rc4# 0-1

[Event "ODJM A 2015"]
[Site "Willingen GER"]
[Date "2015.05.24"]
[Round "1"]
[White "Borchert, Louis"]
[Black "Ehmann, Johanna"]
[Result "1-0"]
[Termination "normal"]
[Board "37"]
[WhiteElo "1829"]
[BlackElo "1671"]
[PlyCount "111"]
[WhiteFideId "12990680"]
[BlackFideId "12953130"]
[EventCountry "GER"]
[EventRounds "9"]
[EventType "swiss"]
[EventDate "2015.05.23"]

1. e4 e5 2. Nf3 Nc6 3. Bc4 Bc5 4. c3 Nf6 5. d4 exd4 6. e5 d5 7. Bb5 Ne4 8. cxd4
Bb4+ 9. Bd2 Bxd2+ 10. Nbxd2 Bg4 11. Qc2 Nxd2 12. Nxd2 Qd7 13. Rc1 O-O 14. Bxc6
bxc6 15. Qxc6 Rfc8 16. Qxd7 Bxd7 17. Rc5 c6 18. Nb3 Rab8 19. Kd2 Rb5 20. Rhc1
Rcb8 21. Rxb5 Rxb5 22. Rc5 Kf8 23. Rxb5 cxb5 24. Kc3 Ke7 25. Kb4 f6 26. exf6+
Kxf6 27. Kc5 Ke6 28. Nd2 a5 29. a3 a4 30. Nb1 Kf5 31. Nc3 g5 32. Kxd5 Be6+ 33.
Kc6 Bc4 34. d5 Ke5 35. d6 Be6 36. d7 Bxd7+ 37. Kxd7 Kd4 38. Nxb5+ Kc4 39. Nc3
Kb3 40. Nxa4 Kxa4 41. Ke6 Kb5 42. Kf5 Ka5 43. Kxg5 Ka4 44. Kh6 Ka5 45. f4 Kb5
46. f5 Kc5 47. f6 Kd6 48. f7 Ke7 49. Kg7 Kd6 50. f8=Q+ Kc7 51. Kf6 Kb7 52. Qc5
Kb8 53. Ke6 Kb7 54. Kd6 Kb8 55. Kc6 Kc8 56. Qf8# 1-0

[Event "ODJM A 2015"]
[Site "Willingen GER"]
[Date "2015.05.24"]
[Round "1"]
[White "Stockter, Jasper Enno"]
[Black "Reitz, Philipp"]
[Result "0-1"]
[Termination "normal"]
[Board "38"]
[WhiteElo "1484"]
[BlackElo "1797"]
[PlyCount "120"]
[WhiteFideId "12957291"]
[BlackFideId "12973297"]
[EventCountry "GER"]
[EventRounds "9"]
[EventType "swiss"]
[EventDate "2015.05.23"]

1. e4 c5 2. Nf3 e6 3. d4 cxd4 4. Nxd4 Nf6 5. Nc3 Bb4 6. Bg5 Qa5 7. Bd2 Qb6 8.
Nb3 Bxc3 9. Bxc3 Nxe4 10. Qf3 Nxc3 11. Qxc3 O-O 12. O-O-O Qc6 13. Qxc6 Nxc6 14.
Rd6 a6 15. Be2 Rd8 16. Rhd1 Kf8 17. Nc5 Ke7 18. Bf3 Rb8 19. b3 a5 20. a3 Ne5
21. Be2 b6 22. Na4 Bb7 23. f4 Ng6 24. g3 Bc6 25. Nb2 b5 26. a4 bxa4 27. Nxa4
Rdc8 28. Nc5 Nf8 29. Ba6 Rc7 30. Na4 Rxb3 31. cxb3 Bd5+ 32. Kb2 Kxd6 33. Nb6
Rc5 34. Nc4+ Ke7 35. Nb6 Bc6 36. Nc8+ Kf6 37. Nd6 Ng6 38. Ne8+ Ke7 39. Nxg7 Kf8
40. Nxe6+ dxe6 41. Rd8+ Be8 42. Ra8 Ne7 43. Bd3 h6 44. Bc4 Nd5 45. Bxd5 exd5
46. Ra6 Bc6 47. Ra7 Kg7 48. Re7 Kf6 49. Re5 Bb5 50. h4 Bd3 51. g4 Kg6 52. g5 h5
53. Re7 Bf5 54. Re5 Rc2+ 55. Ka3 Be6 56. Ka4 Ra2+ 57. Kb5 d4 58. Re1 d3 59. f5+
Bxf5 60. Rd1 d2 0-1

[Event "ODJM A 2015"]
[Site "Willingen GER"]
[Date "2015.05.24"]
[Round "1"]
[White "Gauchel, Lorenz"]
[Black "Leimbach, Tim Vincent"]
[Result "1-0"]
[Termination "normal"]
[Board "39"]
[WhiteElo "1748"]
[BlackElo "1699"]
[PlyCount "105"]
[WhiteFideId "12905283"]
[BlackFideId "12988600"]
[EventCountry "GER"]
[EventRounds "9"]
[EventType "swiss"]
[EventDate "2015.05.23"]

1. d4 Nf6 2. c4 e6 3. Nc3 d5 4. cxd5 exd5 5. Bg5 Be7 6. e3 O-O 7. Bd3 c6 8. Qc2
h6 9. Bh4 Re8 10. Nf3 Bg4 11. Ne5 Bh5 12. h3 c5 13. g4 cxd4 14. exd4 Bxg4 15.
hxg4 Nxg4 16. Bg3 Nxe5 17. Bxe5 Bf6 18. f4 Nc6 19. O-O-O Nb4 20. Qg2 Nxd3+ 21.
Rxd3 Bxe5 22. dxe5 Rc8 23. Qxd5 Qb6 24. Rhd1 Qa6 25. Kb1 Qb6 26. Ne4 Qc7 27.
Rc3 Qe7 28. Rxc8 Rxc8 29. Nd6 Rd8 30. Rg1 Rd7 31. Nf5 Qd8 32. Nd6 Qe7 33. Qb3
Rc7 34. Rxg7+ Kxg7 35. Nf5+ Kg6 36. Nxe7+ Rxe7 37. Qc2+ f5 38. Qc5 Rh7 39. Qd6+
Kh5 40. Qf6 Kg4 41. Qg6+ Kxf4 42. Qxh7 Kxe5 43. Qxb7 f4 44. Qxa7 Ke4 45. Qh7+
Ke3 46. Qxh6 Ke4 47. Kc2 f3 48. Qf8 Ke3 49. Kc3 Ke2 50. Qxf3+ Kxf3 51. Kd4 Kf4
52. a4 Kf5 53. a5 1-0

[Event "ODJM A 2015"]
[Site "Willingen GER"]
[Date "2015.05.24"]
[Round "1"]
[White "Leddin, Mathias"]
[Black "Teichert, Felix"]
[Result "0-1"]
[Termination "normal"]
[Board "40"]
[WhiteElo "1649"]
[BlackElo "1804"]
[PlyCount "86"]
[WhiteFideId "4654684"]
[BlackFideId "12987670"]
[EventCountry "GER"]
[EventRounds "9"]
[EventType "swiss"]
[EventDate "2015.05.23"]

1. g3 Nf6 2. Bg2 d5 3. Nf3 g6 4. O-O Bg7 5. d4 O-O 6. Nc3 Nbd7 7. e3 c6 8. b3
Qc7 9. Bb2 e5 10. dxe5 Ng4 11. Ne2 Ngxe5 12. Rb1 Nxf3+ 13. Bxf3 Ne5 14. Bg2 f6
15. Nd4 a5 16. Qc1 a4 17. Nf3 Bg4 18. Nxe5 fxe5 19. f4 axb3 20. axb3 Rae8 21.
Re1 Qb6 22. Kh1 Rf7 23. h3 Bf5 24. e4 Bxe4 25. Bxe4 dxe4 26. Rxe4 Qf2 27. Re3
Rfe7 28. Ba3 Re6 29. Bc5 exf4 30. Rxe6 Qf3+ 31. Kg1 Qxg3+ 32. Kf1 Qxh3+ 33. Kg1
Qg3+ 34. Kf1 Rxe6 35. Qa3 Qh3+ 36. Kf2 Qh2+ 37. Kf1 Qe2+ 38. Kg1 f3 39. Bf2 Bd4
40. Rf1 Bxf2+ 41. Rxf2 Qe1+ 42. Rf1 Qg3+ 43. Kh1 Qg2# 0-1

[Event "ODJM A 2015"]
[Site "Willingen GER"]
[Date "2015.05.24"]
[Round "1"]
[White "Wastian, Jan"]
[Black "Lohrmann, Tabea"]
[Result "1-0"]
[Termination "normal"]
[Board "41"]
[WhiteElo "1672"]
[BlackElo "1493"]
[PlyCount "69"]
[WhiteFideId "12911640"]
[BlackFideId "12911941"]
[EventCountry "GER"]
[EventRounds "9"]
[EventType "swiss"]
[EventDate "2015.05.23"]

1. e4 e5 2. Nf3 Nc6 3. Bb5 a6 4. Ba4 Nf6 5. d3 b5 6. Bb3 Be7 7. a4 b4 8. Nbd2
O-O 9. O-O d5 10. exd5 Nxd5 11. Re1 Nf6 12. Nc4 Bd6 13. h3 Re8 14. Ng5 Be6 15.
Nxe6 Rxe6 16. Ne3 Re8 17. Nd5 h6 18. Qf3 Nh7 19. Nb6 cxb6 20. Bxf7+ Kh8 21.
Qxc6 Rf8 22. Bc4 a5 23. Be3 Rb8 24. Rad1 Rf6 25. Qd5 Qf8 26. d4 exd4 27. Bxd4
Rf5 28. Qxd6 Qxd6 29. Bxg7+ Kxg7 30. Rxd6 Rb7 31. Ree6 Nf8 32. Rxh6 Nd7 33. Be6
Kxh6 34. Bxf5+ Kg5 35. Bxd7 1-0

[Event "ODJM A 2015"]
[Site "Willingen GER"]
[Date "2015.05.24"]
[Round "2"]
[White "Hartmann, Jakob"]
[Black "Poetsch, Hagen"]
[Result "0-1"]
[Termination "normal"]
[Board "1"]
[BlackTitle "IM"]
[WhiteElo "1914"]
[BlackElo "2481"]
[WhiteClock "00:00:55"]
[BlackClock "00:40:07"]
[PlyCount "60"]
[WhiteFideId "12918067"]
[BlackFideId "24615137"]
[EventCountry "GER"]
[EventRounds "9"]
[EventType "swiss"]
[EventDate "2015.05.23"]

1. e4 g6 2. d4 c6 3. Nc3 d5 4. Nf3 Bg4 5. Be2 Nf6 6. e5 Bxf3 7. Bxf3 Nfd7 8.
O-O e6 9. Ne2 Bg7 10. Be3 O-O 11. Bg4 c5 12. c3 Nc6 13. Qd2 Rc8 14. Bh6 Qb6 15.
Bxg7 Kxg7 16. Rad1 Qa5 17. Qg5 h6 18. Qh4 Qxa2 19. Nf4 Rce8 20. Qg3 Qb3 21. Rd3
cxd4 22. cxd4 Qxb2 23. Nxd5 exd5 24. Bxd7 Nxd4 25. Rxd4 Qxd4 26. Bxe8 Rxe8 27.
Re1 b5 28. Kh1 Qd2 29. f4 Rc8 30. h4 Rc3 0-1

[Event "ODJM A 2015"]
[Site "Willingen GER"]
[Date "2015.05.24"]
[Round "2"]
[White "Wenninger, Philipp"]
[Black "Lüßmann, Thomas"]
[Result "1-0"]
[Termination "normal"]
[Board "2"]
[WhiteElo "2268"]
[BlackElo "1911"]
[WhiteClock "00:04:44"]
[BlackClock "00:37:18"]
[PlyCount "71"]
[WhiteFideId "4648404"]
[BlackFideId "1270602"]
[EventCountry "GER"]
[EventRounds "9"]
[EventType "swiss"]
[EventDate "2015.05.23"]

1. d4 d5 2. c4 c6 3. Nf3 Nf6 4. Nc3 e6 5. Bg5 Nbd7 6. e3 Be7 7. Rc1 O-O 8. Bd3
dxc4 9. Bxc4 Nd5 10. Bxe7 Qxe7 11. O-O Nxc3 12. Rxc3 e5 13. Bb3 e4 14. Nd2 Nf6
15. Rc5 Bg4 16. Qb1 Nd7 17. Rc3 Be2 18. Rfc1 Bd3 19. Bc2 Bxc2 20. Qxc2 Nf6 21.
Rc5 Nd7 22. Rc3 Nf6 23. a3 Nd5 24. Rc5 Rae8 25. b4 a6 26. Qb3 Qh4 27. a4 Re6
28. Nf1 Rh6 29. b5 axb5 30. axb5 Ne7 31. bxc6 bxc6 32. Qb7 f5 33. Re5 Ng6 34.
Ra5 f4 35. Ra7 Qf6 36. Rxc6 1-0

[Event "ODJM A 2015"]
[Site "Willingen GER"]
[Date "2015.05.24"]
[Round "2"]
[White "Lai Hop, Long"]
[Black "Meißner, Felix"]
[Result "0-1"]
[Termination "normal"]
[Board "3"]
[BlackTitle "FM"]
[WhiteElo "1885"]
[BlackElo "2268"]
[WhiteClock "01:01:45"]
[BlackClock "00:40:57"]
[PlyCount "52"]
[WhiteFideId "12942707"]
[BlackFideId "24671827"]
[EventCountry "GER"]
[EventRounds "9"]
[EventType "swiss"]
[EventDate "2015.05.23"]

1. d4 g6 2. Nf3 Bg7 3. c4 d6 4. Nc3 Nc6 5. e4 Bg4 6. Be3 e5 7. d5 Nd4 8. Be2
Bxf3 9. Bxf3 c5 10. O-O Ne7 11. Be2 O-O 12. Qd2 f5 13. exf5 gxf5 14. Bh6 Ng6
15. Bg5 Qd7 16. Bh5 a6 17. Bxg6 hxg6 18. a4 Nb3 19. Qd1 Nxa1 20. Qxa1 Rae8 21.
a5 Bf6 22. Bxf6 Rxf6 23. Re1 Kg7 24. Re3 Rh8 25. Ne2 f4 26. Rb3 f3 0-1

[Event "ODJM A 2015"]
[Site "Willingen GER"]
[Date "2015.05.24"]
[Round "2"]
[White "Riehle, Marco"]
[Black "Balazs, Balint"]
[Result "1-0"]
[Termination "normal"]
[Board "4"]
[WhiteElo "2062"]
[BlackElo "2034"]
[WhiteClock "01:14:47"]
[BlackClock "00:12:49"]
[PlyCount "118"]
[WhiteFideId "12904392"]
[BlackFideId "12922757"]
[EventCountry "GER"]
[EventRounds "9"]
[EventType "swiss"]
[EventDate "2015.05.23"]

1. e4 d5 2. exd5 Qxd5 3. Nc3 Qa5 4. d4 Nf6 5. Bc4 Nc6 6. Nge2 Bg4 7. f3 Bh5 8.
Be3 O-O-O 9. O-O e5 10. d5 Nb4 11. Qc1 Nbxd5 12. Nxd5 Nxd5 13. Bxd5 Rxd5 14. c4
Rd3 15. Bf2 Bc5 16. Qg5 Bg6 17. h4 h5 18. Nc3 c6 19. Rae1 Re8 20. f4 Bd6 21.
Ne4 Bxe4 22. Rxe4 g6 23. Qf6 Qc7 24. c5 Bf8 25. fxe5 Re6 26. Qf4 Rd5 27. b4 Bg7
28. Bg3 Rdxe5 29. Qf3 Rxe4 30. Bxc7 Kxc7 31. g3 f5 32. Qa3 Bd4+ 33. Kh1 a6 34.
Qd3 Rg4 35. Rf3 Ree4 36. a4 Be5 37. b5 Rxa4 38. b6+ Kc8 39. Re3 Rgd4 40. Qe2
Re4 41. Rxe4 Rxe4 42. Qa2 Bxg3 43. Qg8+ Kd7 44. Kg2 Bxh4 45. Qb8 Ke6 46. Qxb7
Kd5 47. Qc7 f4 48. Qd6+ Kc4 49. b7 g5 50. Qd2 Re8 51. Qc2+ Kd5 52. Qb3+ Kd4 53.
b8=Q Re2+ 54. Kh3 Re3+ 55. Qxe3+ fxe3 56. Qd6+ Ke4 57. Qxc6+ Kf4 58. Qf6+ Ke4
59. Qe6+ Kf3 1-0

[Event "ODJM A 2015"]
[Site "Willingen GER"]
[Date "2015.05.24"]
[Round "2"]
[White "Schmider, Niklas"]
[Black "Kardoeus, David"]
[Result "0-1"]
[Termination "normal"]
[Board "5"]
[WhiteElo "2014"]
[BlackElo "2176"]
[WhiteClock "00:20:08"]
[BlackClock "00:26:13"]
[PlyCount "88"]
[WhiteFideId "12993778"]
[BlackFideId "12912050"]
[EventCountry "GER"]
[EventRounds "9"]
[EventType "swiss"]
[EventDate "2015.05.23"]

1. e4 c5 2. Nc3 Nc6 3. g3 g6 4. Bg2 Bg7 5. d3 e6 6. Be3 b6 7. f4 Nge7 8. e5 Bb7
9. Ne4 Nf5 10. Bf2 d5 11. Nd2 Qc7 12. Ngf3 h5 13. h3 O-O-O 14. O-O f6 15. exf6
Bxf6 16. Qc1 e5 17. fxe5 Nxe5 18. a4 Nxf3+ 19. Nxf3 Nxg3 20. Re1 Rde8 21. a5
Ne2+ 22. Rxe2 Rxe2 23. axb6 axb6 24. h4 Rf8 25. Qh6 Qd6 26. Bh3+ Kb8 27. Qxf8+
Qxf8 28. Bg3+ Be5 29. Nxe5 Re1+ 30. Rxe1 Ka7 31. Nd7 Qf3 32. Bb8+ Ka6 33. Bg2
Qg4 34. Ne5 Qxh4 35. Ra1+ Kb5 36. Nf3 Qg4 37. d4 h4 38. Kf2 Qf5 39. Bf1+ c4 40.
Rc1 g5 41. Kg2 g4 42. Ng1 Qe4+ 43. Kh2 g3+ 44. Kh3 Bc8# 0-1

[Event "ODJM A 2015"]
[Site "Willingen GER"]
[Date "2015.05.24"]
[Round "2"]
[White "Schnabel, Bennett"]
[Black "Oberhofer, Cédric"]
[Result "1/2-1/2"]
[Termination "normal"]
[Board "6"]
[WhiteElo "1864"]
[BlackElo "2136"]
[WhiteClock "00:26:39"]
[BlackClock "00:15:16"]
[PlyCount "56"]
[WhiteFideId "12943290"]
[BlackFideId "12941220"]
[EventCountry "GER"]
[EventRounds "9"]
[EventType "swiss"]
[EventDate "2015.05.23"]

1. e4 c5 2. c3 g6 3. Nf3 Bg7 4. d4 cxd4 5. cxd4 d5 6. e5 a6 7. Nc3 Nc6 8. Qb3
e6 9. Be2 Nge7 10. O-O b5 11. Rd1 O-O 12. Qc2 Bd7 13. Be3 Rc8 14. Qd2 Nf5 15.
Rac1 f6 16. exf6 Bxf6 17. Bf1 Qb6 18. Ne2 Nxe3 19. fxe3 Na5 20. b3 Nb7 21. Nf4
Nd6 22. Nd3 Ne4 23. Qe1 Qd6 24. b4 Rxc1 25. Rxc1 Rc8 26. Rxc8+ Bxc8 27. Qc1 Bb7
28. a3 Qc6 1/2-1/2

[Event "ODJM A 2015"]
[Site "Willingen GER"]
[Date "2015.05.24"]
[Round "2"]
[White "Stemmler, Fabian"]
[Black "Zahn, Benno"]
[Result "1/2-1/2"]
[Termination "normal"]
[Board "7"]
[WhiteElo "1940"]
[BlackElo "2056"]
[WhiteClock "00:00:35"]
[BlackClock "00:00:32"]
[PlyCount "80"]
[WhiteFideId "12964808"]
[BlackFideId "24636070"]
[EventCountry "GER"]
[EventRounds "9"]
[EventType "swiss"]
[EventDate "2015.05.23"]

1. d4 Nf6 2. Nf3 e6 3. e3 d5 4. Bd3 c5 5. b3 Nc6 6. O-O Bd6 7. Bb2 O-O 8. Ne5
cxd4 9. exd4 Qc7 10. f4 Nb4 11. Ba3 Nxd3 12. Bxd6 Qxd6 13. Qxd3 b5 14. Nd2 b4
15. Rfc1 Ba6 16. c4 bxc3 17. Qxc3 Rfc8 18. Qa5 Ne4 19. g3 f6 20. Nef3 h6 21.
Nh4 g5 22. Ng2 Kf7 23. fxg5 hxg5 24. Ne3 Kg6 25. Nxe4 dxe4 26. d5 exd5 27. Qxd5
Qxd5 28. Nxd5 Rxc1+ 29. Rxc1 Rd8 30. Nxf6 Kxf6 31. Rc6+ Ke5 32. Rxa6 Kd4 33.
Kf2 Kd3 34. Rxa7 Kd2 35. Re7 Rf8+ 36. Kg2 e3 37. Rd7+ Ke1 38. Re7 e2 39. Rd7 g4
40. b4 Rf2+ 1/2-1/2